000 01100pam a2200337 a 4500
005 20260322212052.0
008 data
010 _a 84029558
020 _a0870445154
020 _a0870445200 (lib. bdg.)
020 _a9780870445156
020 _a9780870445200 (lib. bdg.)
040 _aDLC
_cDLC
_dDLC
042 _alcac
043 _au-at---
050 0 0 _aQL338
_b.A64 1984
082 0 0 _a599.0994
_219
092 _a599 A64 1984
245 1 0 _aAmazing animals of Australia.
260 _aWashington, D.C. :
_bNational Geographic Society,
_cc1984.
300 _a104 p. :
_bcol. ill. ;
_c28 cm.
440 0 _aBooks for world explorers
500 _aIncludes index.
504 _aBibliography: p. 103.
520 _aDescribes the kangaroo, platypus, and other animals native to Australia and discusses their origin and adaptation to their environment.
650 0 _aAnimals
_zAustralia
_vJuvenile literature.
650 1 _aAnimals
_zAustralia.
906 _a7
_bcbc
_corignew
_d1
_eocip
_f19
_gy-gencatlg
991 _bc-GenColl
_hQL338
_i.A64 1984
_p00054333638
_tCopy 1
_wBOOKS
001 data
999 _c1239
_d1239